Zefektívnenie výberu daní v rámci EÚ
Smernica Rady 2014/107/EÚ o výmene informácií v oblasti daní. Základné nástroje boja proti daňovým únikom. FATCA (Foreign Account Tax Compliance Act). Štandard OECD.
Salvato in:
| Autore principale: | |
|---|---|
| Natura: | Capitolo di libro |
| Lingua: | slovacco |
| Soggetti: | |
| Tags: |
Nessun Tag, puoi essere il primo ad aggiungerne!!
|
MARC
| LEADER | 00000naa a2200000 4500 | ||
|---|---|---|---|
| 001 | 0200734 | ||
| 005 | 20231120104420.8 | ||
| 041 | 0 | |a slo | |
| 044 | |a SK | ||
| 245 | 1 | 0 | |a Zefektívnenie výberu daní v rámci EÚ |c Alžbeta Bieliková |
| 520 | |a Smernica Rady 2014/107/EÚ o výmene informácií v oblasti daní. Základné nástroje boja proti daňovým únikom. FATCA (Foreign Account Tax Compliance Act). Štandard OECD. | ||
| 610 | 2 | 0 | |a dane |
| 610 | 2 | 0 | |a únik daňový |
| 610 | 2 | 0 | |a rezidenti |
| 610 | 2 | 0 | |a úpravy právne |
| 610 | 2 | 0 | |a Európska únia |
| 610 | 2 | 0 | |a smernice |
| 610 | 2 | 0 | |a USA |
| 610 | 2 | 0 | |a OECD |
| 100 | 1 | |a Bieliková, Alžbeta | |